Las Diputaciones provinciales y sus servicios sanitarios; pasado, presente y futuro / José Mariano Benítez de Lugo
Descripción Física:
183 p. mecanoscrites ; 30 cm
MARC
| LEADER | 00000nam a2200000Ia 4500 | ||
|---|---|---|---|
| 001 | 18516 | ||
| 008 | 160829s1986 xx 000 0 cat d | ||
| 080 | |a C-2-196 | ||
| 100 | |a Benítez de Lugo Guillén, José Mariano |9 23695 | ||
| 245 | |a Las Diputaciones provinciales y sus servicios sanitarios; pasado, presente y futuro / José Mariano Benítez de Lugo | ||
| 260 | |a Madrid : |b [s.n.], |c 1986 | ||
| 300 | |a 183 p. mecanoscrites ; |c 30 cm | ||
| 590 | |a Informe realitzat a instàncies de la Mancomunitat de diputacions de règim comú | ||
| 650 | |a Diputacions provincials |x Serveis sanitaris |9 40044 | ||
| 901 | |a Arxiu | ||
| 942 | |n 1 | ||
| 952 | |0 0 |1 0 |4 0 |6 C2196 |7 1 |9 49385 |a Arxiu |b Arxiu |d 2016-12-01 |l 0 |o C-2-196 |p 18516 |r 2016-12-01 00:00:00 |w 2016-12-01 |y ARXIU | ||
| 999 | |c 53227 |d 53227 | ||